<?xml version="1.0" encoding="UTF-8"?>
<marc:record xmlns:marc="http://www.loc.gov/MARC21/slim">
   <marc:leader>00000nam a2200000 a 4500</marc:leader>
   <marc:datafield ind1="1" ind2=" " tag="100">
      <marc:subfield code="a">Schönfeldinger, Gernot</marc:subfield>
      <marc:subfield code="4">aut</marc:subfield>
      <marc:subfield code="e">Verfasser/-in</marc:subfield>
   </marc:datafield>
   <marc:datafield ind1=" " ind2=" " tag="653">
      <marc:subfield code="a">PC</marc:subfield>
   </marc:datafield>
   <marc:datafield ind1="0" ind2="0" tag="245">
      <marc:subfield code="a">Musik und Fotos am PC</marc:subfield>
   </marc:datafield>
   <marc:datafield ind1="0" ind2="0" tag="245">
      <marc:subfield code="b">Alte Schätze digitalisieren, bearbeiten und verwalten. Digitale Daten speichern, sichern und präsentieren. Internetradio, Musikstreams, Cloud-Services</marc:subfield>
   </marc:datafield>
   <marc:datafield ind1="0" ind2="0" tag="245">
      <marc:subfield code="c">Schönfeldinger, Gernot</marc:subfield>
   </marc:datafield>
   <marc:datafield ind1=" " ind2="1" tag="264">
      <marc:subfield code="a">Wien</marc:subfield>
      <marc:subfield code="b">Verein für Konsumenteninformation VKI</marc:subfield>
      <marc:subfield code="c">2014</marc:subfield>
   </marc:datafield>
   <marc:datafield ind1="1" ind2=" " tag="490">
      <marc:subfield code="a">Konsument</marc:subfield>
   </marc:datafield>
   <marc:datafield ind1=" " ind2=" " tag="250">
      <marc:subfield code="a">2., akt. Aufl.</marc:subfield>
   </marc:datafield>
   <marc:datafield ind1="1" ind2=" " tag="520">
      <marc:subfield code="a">Man muss heutzutage kein Technikexperte mehr sein, um sein Archiv in die digitale Welt des PC zu übertragen. Den Umgang mit digitalen Medien als sprichwörtliches Kinderspiel zu bezeichnen, wäre im Hinblick auf jene Generationen, die noch vor dem PC-Zeitalter groß geworden sind, zwar etwas übertrieben. Doch mit den entsprechenden Anleitungen ist der Einstieg auch für Ungeübte zu schaffen. Unser Buch verhilft Ihnen zu dem notwendigen Grundwissen. Es begleitet Sie Schritt für Schritt in einfacher Sprache und mit vielen konkreten Beispielen in eine neue Welt des Archivierens. (Alte Schätze digitalisieren, bearbeiten und verwalten; Digitale Daten speichern, sichern und präsentieren; Internetradio, Musikstreams, Cloud-Services) Quelle: VKI</marc:subfield>
   </marc:datafield>
   <marc:datafield ind1=" " ind2=" " tag="020">
      <marc:subfield code="a">9783990130377</marc:subfield>
      <marc:subfield code="9">9783990130377</marc:subfield>
   </marc:datafield>
   <marc:datafield ind1=" " ind2=" " tag="020">
      <marc:subfield code="a">3990130374</marc:subfield>
      <marc:subfield code="9">3990130374</marc:subfield>
   </marc:datafield>
   <marc:datafield ind1=" " ind2=" " tag="041">
      <marc:subfield code="a">ger</marc:subfield>
   </marc:datafield>
   <marc:datafield ind1=" " ind2=" " tag="300">
      <marc:subfield code="b">zahlr. III.</marc:subfield>
   </marc:datafield>
   <marc:datafield ind1=" " ind2=" " tag="338">
      <marc:subfield code="a">Band</marc:subfield>
   </marc:datafield>
   <marc:datafield ind1=" " ind2=" " tag="300">
      <marc:subfield code="a">140 S. : zahlr. Ill.</marc:subfield>
   </marc:datafield>
</marc:record>
